| 000 | 00484nam a22001817a 4500 | ||
|---|---|---|---|
| 005 | 20250411122011.0 | ||
| 008 | 250411b |||||||| |||| 00| 0 eng d | ||
| 020 | _a9780071312707 | ||
| 050 |
_aHD 30.28.D4743 _b1 |
||
| 100 | _aDESS G. Gregory | ||
| 245 |
_aStrategic management: _bCreating competitive advantages |
||
| 260 |
_aBoston _bMcGraw-Hill _c2010 |
||
| 300 | _axxiv,483p | ||
| 500 | _aindex,photo | ||
| 700 | _aLUMPKIN,G.T | ||
| 710 | _aEISNER .B Alan | ||
| 942 |
_2lcc _cBK _n0 |
||
| 999 |
_c5412 _d5412 |
||